000 00807nam a22002777a 4500
001 BR7902949
003 BR-BrBNA
005 20230928090019.0
007 ta
008 230509b bl.||||| |||| 00| 0 por d
040 _aBR-BrBNA
_bpor
_cBiblioteca Nacional de Agricultura
041 _a(Por)
072 _aE70
090 _ E70 BR7902949
100 1 _aAmaro, A.A.
100 1 _aAnjos, N.M. dos
110 1 _aFundacao do Desenvolvimento Administrativo, Sao Paulo, SP (Brasil)
_94877
245 1 _aComercializacao e marketing [preco]
_b1. Curso de Administracao Rural
260 3 _aSao Paulo, SP (Brasil):
_c[nd].
300 _a46 p.
500 _aGlossary p. 24-31; Published 1978?
650 _aPRECO
650 _aPESQUISA DE MERCADO
909 _a202309
_bLucia
_c55
_dLucia Elande
942 _cBK
999 _c27441
_d27441